Kevjumba videos Quiz Stats

 Plays Quiz not verified by Sporcle

Support Sporcle.
Go Orange.
Score 0/20 Timer 10:00
0 Plays Today
video video % Correct
that's not gay!that's not gay
29.6%
my dad is asianmy dad is asian
29.6%
alpha kenny bodyalpha kenny body
25.9%
i love my dadi love my dad
22.2%
what we hate about each otherwhat we hate about each other
18.5%
AWKWARD!awkward
18.5%
sex and tutorssex and tutors
14.8%
jumbafundjumbafund
14.8%
what we hate about each other part 2what we hate about each other part 2
11.1%
never say never:the kevjumba storynever say never
11.1%
video video % Correct
put it in purseput it in purse
11.1%
ridiculous lyrics!ridiculous lyrics
7.4%
fitness trainerfitness trainer
7.4%
amazing race! support team Jumba!amazing race! support team Jumba!
3.7%
stereotypes with benstereotypes with ben
3.7%
Kevjumba vs Iyazkevjumba vs iyaz
3.7%
I fell in love with a russian baboushkai fell in love
3.7%
a christmas greetinga christmas greeting
3.7%
Kevjumba vs Globetrotterskevjumba vs globtrotters
0%
girls are like M&M'sgrils are like m and m's
0%

You're not logged in!

Compare scores with friends on all Sporcle quizzes.
OR
Log In

From the Vault

Cartoon Villains by Picture

by zhambsch

These characters get angry when animated.
Remove Ads.
Support Sporcle.
Get the best of Sporcle when you Go Orange. This ad-free experience offers more features, more stats, and more fun while also helping to support Sporcle. Thank you for becoming a member.

Show Comments

Extras

Created Feb 27, 2011ReportNominate
Tags:Youtube

Top Quizzes Today


Score Distribution

Your Account Isn't Verified!

In order to create a playlist on Sporcle, you need to verify the email address you used during registration. Go to your Sporcle Settings to finish the process.

Report this User

Report this user for behavior that violates our Community Guidelines.

Details: